000 00555nam a2200181Ia 4500
008 100917s9999 xx 000 0 und d
082 _b42011
100 _aमहाम्बरे अरुंधती
245 _a्रसात हिंदुस्थानी
260 _bनीलकंठ प्रकाशन
_c1971
300 _a160
365 _b7
520 _a---
630 _a्रसात हिंदुस्थानी
650 _a---
730 _a्रसात हिंदुस्थानी
942 _cBOOK
999 _c647405
_d647402